| 000 | 00680nam a2200205 a 4500 | ||
|---|---|---|---|
| 001 | 000014125 | ||
| 005 | 20240412074240.0 | ||
| 008 | 091204s1984 dr 001 p spa d | ||
| 040 |
_aDO-SdBNP _bspa _cBNPHU |
||
| 082 |
_aRD861.44 _bV297u |
||
| 100 | 1 |
_aVargas Genao, Caracciolo, _d1927-2015 _91504 |
|
| 245 | 1 | 4 |
_aUna cita con las musas / _cCaracciolo Vargas Genao. |
| 260 |
_a[Santo Domingo] : _b[s. n.], _c1984. |
||
| 300 |
_a111 : ; _c19 cm. |
||
| 500 | _aIncluye datos biográficos del autor en la contracubierta | ||
| 590 | _aInventariado, 2019/LP | ||
| 650 | 0 |
_aPoesÃa dominicana _966 |
|
| 650 | 0 |
_aLiteratura dominicana. _967 |
|
| 910 | _aValidado. Control de calidad MFF | ||
| 999 |
_c13727 _d13727 |
||